| 000 | 00751nam a22002770a 4500 | ||
|---|---|---|---|
| 001 | PT26067 | ||
| 003 | AR-LpoUNG | ||
| 005 | 20210131233254.0 | ||
| 008 | 191001s1992||||xxu|||||||||||||||||eng d | ||
| 020 |
_a0671767895 _c$16,33 |
||
| 020 |
_a9780671767891 _c$16,33 |
||
| 040 |
_aAR-LpoUNG _bspa _cAR-LpoUNG _eaacr |
||
| 041 | _aeng | ||
| 044 | _axxu | ||
| 082 | 0 | _a501 167com | |
| 100 | 1 | _aWaldrop, M. Mitchell | |
| 245 | 1 | 0 |
_aComplexity : _bthe emerging science at the edge of order and chaos |
| 260 |
_aNew York : _bSimon & Schuster, _c1992. |
||
| 300 |
_a380 p. : _bil. |
||
| 650 | 4 | _aCIENCIA | |
| 650 | 4 | _aCIENCIAS DE LA VIDA | |
| 650 | 4 | _aFILOSOFIA | |
| 651 | 4 | _aDOCUMENTOS TEORICOS O METODOLOGICOS | |
| 905 | _a26067 | ||
| 942 | _cLIB | ||
| 999 |
_c19826 _d19826 |
||